[Event "Moscow Open 2018 F"]
[Site "?"]
[Date "2018.01.30"]
[Round "5.4"]
[White "Badalyan, Shavarsh"]
[Black "Lugovskoy, Maxim"]
[Result "0-1"]
[BlackElo "2459"]
[WhiteElo "2172"]
[LiveChessVersion "1.4.8"]

1. d4 {[%clk 1:25:16]} d5 {[%clk 1:30:56]} 2. c4 {[%clk 1:25:39]} e6
{[%clk 1:31:22]} 3. Nc3 {[%clk 1:26:02]} a6 {[%clk 1:31:49]} 4. cxd5
{[%clk 1:25:28]} exd5 {[%clk 1:32:15]} 5. Nf3 {[%clk 1:25:48]} c6
{[%clk 1:32:42]} 6. e4 {[%clk 1:24:50]} dxe4 {[%clk 1:32:57]} 7. Ng5
{[%clk 1:25:11]} Be7 {[%clk 1:33:12]} 8. Bc4 {[%clk 1:25:31]} Bxg5
{[%clk 1:29:19]} 9. Qh5 {[%clk 1:25:38]} Be7 {[%clk 1:29:48]} 10. Qxf7+
{[%clk 1:15:56]} Kd7 {[%clk 1:30:14]} 11. d5 {[%clk 0:41:32]} Qf8
{[%clk 1:22:20]} 12. Qe6+ {[%clk 0:40:22]} Kc7 {[%clk 1:18:51]} 13. Qxe4
{[%clk 0:39:08]} Bd6 {[%clk 1:19:19]} 14. O-O {[%clk 0:37:37]} Qf5
{[%clk 1:19:45]} 15. Qd4 {[%clk 0:31:37]} Qe5 {[%clk 1:16:13]} 16. Qh4
{[%clk 0:31:57]} Nf6 {[%clk 1:16:23]} 17. Bg5 {[%clk 0:30:50]} h6
{[%clk 1:16:35]} 18. Bxf6 {[%clk 0:31:07]} Qxf6 {[%clk 1:17:02]} 19. Qh5
{[%clk 0:30:44]} Qe5 {[%clk 1:15:55]} 20. Qf7+ {[%clk 0:30:50]} Nd7
{[%clk 1:16:16]} 21. g3 {[%clk 0:30:57]} Rf8 {[%clk 1:15:46]} 22. Qg6
{[%clk 0:31:22]} Qf6 {[%clk 1:14:00]} 23. Qc2 {[%clk 0:31:23]} Nb6
{[%clk 1:07:43]} 24. dxc6 {[%clk 0:31:27]} bxc6 {[%clk 1:07:55]} 25. Nd5+
{[%clk 0:28:09]} Nxd5 {[%clk 1:08:19]} 26. Bxd5 {[%clk 0:28:36]} Bb7
{[%clk 1:07:54]} 27. Rac1 {[%clk 0:28:26]} c5 {[%clk 1:07:10]} 28. Rfd1
{[%clk 0:26:28]} a5 {[%clk 0:43:20]} 29. f4 {[%clk 0:19:01]} Rfb8
{[%clk 0:40:38]} 30. Qd3 {[%clk 0:14:08]} Bxd5 {[%clk 0:39:24]} 31. Qxd5
{[%clk 0:14:33]} Ra6 {[%clk 0:39:35]} 32. Re1 {[%clk 0:11:49]} Rc6
{[%clk 0:35:51]} 33. Rcd1 {[%clk 0:12:03]} Rd8 {[%clk 0:35:13]} 34. Re6
{[%clk 0:09:38]} Qxb2 {[%clk 0:35:19]} 35. Kh1 {[%clk 0:08:46]} Qb7
{[%clk 0:34:54]} 36. Qf5 {[%clk 0:07:38]} c4 {[%clk 0:33:49]} 37. Qxa5+
{[%clk 0:07:36]} Kc8 {[%clk 0:34:14]} 0-1

[Event "Moscow Open 2018 F"]
[Site "?"]
[Date "2018.01.30"]
[Round "5.5"]
[White "Kezin, Roman"]
[Black "Orekhovsky, Vasily"]
[Result "1-0"]
[BlackElo "2150"]
[WhiteElo "2450"]
[LiveChessVersion "1.4.8"]

1. d4 {[%clk 1:29:35]} Nf6 {[%clk 1:30:54]} 2. c4 {[%clk 1:29:49]} e6
{[%clk 1:31:20]} 3. Nf3 {[%clk 1:30:17]} d5 {[%clk 1:31:40]} 4. e3
{[%clk 1:30:40]} c6 {[%clk 1:31:03]} 5. Bd3 {[%clk 1:30:16]} Nbd7
{[%clk 1:20:19]} 6. O-O {[%clk 1:30:01]} dxc4 {[%clk 1:15:22]} 7. Bxc4
{[%clk 1:30:21]} b5 {[%clk 1:15:51]} 8. Bd3 {[%clk 1:30:42]} a6 {[%clk 1:16:20]}
9. e4 {[%clk 1:31:03]} c5 {[%clk 1:13:32]} 10. e5 {[%clk 1:17:02]} Nd5
{[%clk 1:13:46]} 11. Ng5 {[%clk 1:14:43]} Be7 {[%clk 0:52:45]} 12. Qh5
{[%clk 1:08:17]} g6 {[%clk 0:33:02]} 13. Qh6 {[%clk 1:00:21]} Bf8
{[%clk 0:33:30]} 14. Qh3 {[%clk 1:00:42]} Qb6 {[%clk 0:26:37]} 15. Qf3
{[%clk 0:59:15]} f5 {[%clk 0:27:04]} 16. exf6 {[%clk 0:58:56]} N7xf6
{[%clk 0:27:20]} 17. Nc3 {[%clk 0:57:07]} Ra7 {[%clk 0:26:13]} 18. Re1
{[%clk 0:57:04]} Re7 {[%clk 0:24:51]} 19. dxc5 {[%clk 0:53:45]} Qxc5
{[%clk 0:25:11]} 20. Nxd5 {[%clk 0:51:29]} Nxd5 {[%clk 0:25:11]} 21. Bd2
{[%clk 0:51:56]} Bd7 {[%clk 0:23:22]} 22. Rac1 {[%clk 0:42:13]} Qd4
{[%clk 0:23:08]} 23. Bc3 {[%clk 0:40:00]} Qf4 {[%clk 0:20:08]} 24. Bxh8
{[%clk 0:39:30]} Qxg5 {[%clk 0:20:35]} 25. Be5 {[%clk 0:39:49]} Rf7
{[%clk 0:16:29]} 26. Qg3 {[%clk 0:39:50]} Qd2 {[%clk 0:14:19]} 27. Rcd1
{[%clk 0:39:51]} Qa5 {[%clk 0:13:28]} 28. Be4 {[%clk 0:39:26]} Bc5
{[%clk 0:10:12]} 29. Re2 {[%clk 0:39:43]} Kf8 {[%clk 0:07:36]} 30. Bd6+
{[%clk 0:39:17]} Bxd6 {[%clk 0:07:43]} 31. Qxd6+ {[%clk 0:39:44]} Kg7
{[%clk 0:07:24]} 32. Bxd5 {[%clk 0:39:52]} exd5 {[%clk 0:07:51]} 33. Re7
{[%clk 0:40:12]} Qd8 {[%clk 0:07:38]} 34. Rxf7+ {[%clk 0:40:26]} Kxf7
{[%clk 0:08:05]} 35. Qxd5+ {[%clk 0:40:32]} Ke7 {[%clk 0:08:12]} 36. Qg5+
{[%clk 0:40:59]} Ke8 {[%clk 0:08:23]} 37. Re1+ {[%clk 0:41:26]} 1-0

[Event "Moscow Open 2018 F"]
[Site "?"]
[Date "2018.01.30"]
[Round "5.6"]
[White "Chernyavsky, Alexander"]
[Black "Khangueva, Ayana"]
[Result "1-0"]
[BlackElo "2140"]
[WhiteElo "2326"]
[LiveChessVersion "1.4.8"]

1. d4 {[%clk 1:30:57]} Nf6 {[%clk 1:19:57]} 2. Bg5 {[%clk 1:31:18]} g6
{[%clk 1:16:47]} 3. Bxf6 {[%clk 1:31:40]} exf6 {[%clk 1:17:15]} 4. e3
{[%clk 1:31:55]} Bg7 {[%clk 1:17:27]} 5. g3 {[%clk 1:31:13]} O-O {[%clk 1:17:26]}
6. Bg2 {[%clk 1:31:35]} f5 {[%clk 1:17:36]} 7. Ne2 {[%clk 1:31:58]} d5
{[%clk 1:16:09]} 8. O-O Nc6 {[%clk 1:13:50]} 9. c4 {[%clk 1:21:52]} Ne7
{[%clk 1:13:00]} 10. Nbc3 {[%clk 1:20:32]} dxc4 {[%clk 1:11:34]} 11. Qa4
{[%clk 1:20:48]} c6 {[%clk 1:11:24]} 12. Qxc4 {[%clk 1:20:40]} g5
{[%clk 1:08:18]} 13. Rfd1 {[%clk 1:12:48]} Qa5 {[%clk 0:54:28]} 14. b4
{[%clk 0:53:07]} Qb6 {[%clk 0:47:31]} 15. Na4 {[%clk 0:46:31]} Qd8
{[%clk 0:44:02]} 16. Qd3 {[%clk 0:41:03]} Qd6 {[%clk 0:41:47]} 17. Rab1
{[%clk 0:38:21]} Be6 {[%clk 0:35:53]} 18. Nc5 {[%clk 0:38:36]} b6
{[%clk 0:33:43]} 19. Nxe6 {[%clk 0:37:12]} fxe6 {[%clk 0:34:02]} 20. b5
{[%clk 0:36:52]} Rac8 {[%clk 0:33:43]} 21. bxc6 {[%clk 0:35:20]} Nxc6
{[%clk 0:32:20]} 22. d5 {[%clk 0:33:51]} Rfd8 {[%clk 0:19:14]} 23. Qa6
{[%clk 0:31:46]} Nb4 {[%clk 0:13:14]} 24. Qxa7 {[%clk 0:31:02]} exd5
{[%clk 0:08:21]} 25. Qa4 {[%clk 0:30:18]} Rc4 {[%clk 0:02:16]} 26. Bxd5+
{[%clk 0:30:19]} Nxd5 {[%clk 0:02:07]} 27. Qxc4 {[%clk 0:30:43]} Kh8
{[%clk 0:01:57]} 28. Rb5 {[%clk 0:30:41]} 1-0

[Event "Moscow Open 2018 F"]
[Site "?"]
[Date "2018.01.30"]
[Round "5.7"]
[White "Jaiswal, Rupesh"]
[Black "Fotin, Vladimir"]
[Result "0-1"]
[BlackElo "2315"]
[WhiteElo "2152"]
[LiveChessVersion "1.4.8"]

1. d4 {[%clk 1:30:58]} e6 {[%clk 1:15:09]} 2. Nf3 {[%clk 1:31:22]} c5
{[%clk 1:15:29]} 3. c3 {[%clk 1:30:38]} Nc6 {[%clk 1:15:49]} 4. Bf4
{[%clk 1:29:24]} cxd4 {[%clk 1:10:10]} 5. Nxd4 {[%clk 1:28:30]} d6
{[%clk 0:57:25]} 6. Bg3 {[%clk 1:24:56]} Nf6 {[%clk 0:55:49]} 7. e3
{[%clk 1:24:11]} Be7 {[%clk 0:51:25]} 8. Bd3 {[%clk 1:21:32]} O-O
{[%clk 0:51:21]} 9. Nd2 {[%clk 1:21:35]} a6 {[%clk 0:47:11]} 10. O-O
{[%clk 1:20:41]} Qc7 {[%clk 0:44:26]} 11. Re1 {[%clk 1:19:57]} Rd8
{[%clk 0:43:50]} 12. Rc1 {[%clk 1:14:19]} b6 {[%clk 0:40:59]} 13. Qc2
{[%clk 1:07:39]} Bb7 {[%clk 0:40:30]} 14. a3 {[%clk 1:07:28]} h6 {[%clk 0:40:20]}
15. f3 {[%clk 1:05:30]} Nb8 {[%clk 0:35:40]} 16. Qb3 {[%clk 0:56:42]} Re8
{[%clk 0:31:54]} 17. Bb1 {[%clk 0:53:48]} Nbd7 {[%clk 0:31:34]} 18. Qc2
{[%clk 0:52:36]} Rac8 {[%clk 0:30:28]} 19. Ba2 {[%clk 0:50:57]} Bf8
{[%clk 0:30:43]} 20. Bf2 {[%clk 0:46:29]} Qb8 {[%clk 0:28:10]} 21. Bc4
{[%clk 0:44:40]} b5 {[%clk 0:27:34]} 22. Bf1 {[%clk 0:44:02]} d5 {[%clk 0:24:13]}
23. Qb1 {[%clk 0:41:30]} Bd6 {[%clk 0:24:03]} 24. g3 {[%clk 0:40:32]} Nc5
{[%clk 0:23:32]} 25. N2b3 {[%clk 0:39:37]} Na4 {[%clk 0:23:32]} 26. Nd2
{[%clk 0:37:46]} Qc7 {[%clk 0:19:39]} 27. Qc2 {[%clk 0:35:22]} Red8
{[%clk 0:18:15]} 28. Bh3 {[%clk 0:34:32]} Qe7 {[%clk 0:18:17]} 29. Nb1
{[%clk 0:30:59]} Ba8 {[%clk 0:16:09]} 30. Bf1 {[%clk 0:29:52]} g6
{[%clk 0:15:28]} 31. Bh3 {[%clk 0:27:03]} Kg7 {[%clk 0:15:39]} 32. Rcd1
{[%clk 0:25:22]} Rb8 {[%clk 0:14:45]} 33. Nd2 {[%clk 0:23:07]} e5
{[%clk 0:14:13]} 34. Ne2 {[%clk 0:22:52]} h5 {[%clk 0:13:42]} 35. Bg2
{[%clk 0:21:23]} Bb7 {[%clk 0:13:43]} 36. Kh1 {[%clk 0:17:34]} Bc5
{[%clk 0:13:34]} 37. b3 {[%clk 0:17:11]} Nb6 {[%clk 0:13:24]} 38. b4
{[%clk 0:16:21]} Bd6 {[%clk 0:13:48]} 39. e4 {[%clk 0:16:31]} Qc7
{[%clk 0:13:41]} 40. exd5 {[%clk 0:16:27]} Bxd5 {[%clk 0:13:49]} 41. Ne4
{[%clk 0:11:08]} Nxe4 {[%clk 0:12:17]} 42. fxe4 {[%clk 0:11:32]} Be6
{[%clk 0:12:39]} 43. Nc1 {[%clk 0:09:46]} Nc4 {[%clk 0:12:20]} 44. Nd3
{[%clk 0:07:36]} Nxa3 {[%clk 0:12:19]} 45. Qc1 {[%clk 0:07:45]} Nc4
{[%clk 0:12:35]} 46. h3 {[%clk 0:07:10]} Rd7 {[%clk 0:09:05]} 47. Bc5
{[%clk 0:05:35]} Rbd8 {[%clk 0:09:12]} 48. Bxd6 {[%clk 0:05:02]} Rxd6
{[%clk 0:09:34]} 49. Nc5 {[%clk 0:04:12]} Bc8 {[%clk 0:09:57]} 50. Rxd6
{[%clk 0:04:04]} Qxd6 {[%clk 0:10:02]} 51. Bf1 {[%clk 0:03:34]} Nb6
{[%clk 0:07:36]} 52. h4 {[%clk 0:02:05]} Na4 {[%clk 0:07:14]} 53. Nxa4
{[%clk 0:00:53]} bxa4 {[%clk 0:07:38]} 54. Bc4 {[%clk 0:00:39]} Be6
{[%clk 0:07:47]} 55. Bxe6 {[%clk 0:00:34]} Qxe6 {[%clk 0:08:12]} 56. Kg2
{[%clk 0:00:57]} Qa2+ {[%clk 0:08:25]} 57. Kf3 {[%clk 0:00:44]} Rd4 0-1

[Event "Moscow Open 2018 F"]
[Site "?"]
[Date "2018.01.30"]
[Round "5.8"]
[White "Klimov, Ivan"]
[Black "Derevianchenko, Ilia"]
[Result "0-1"]
[BlackElo "2282"]
[WhiteElo "2104"]
[LiveChessVersion "1.4.8"]

1. e4 {[%clk 1:30:57]} d6 {[%clk 1:30:03]} 2. d4 {[%clk 1:31:21]} g6
{[%clk 1:30:27]} 3. Nc3 {[%clk 1:31:46]} Bg7 {[%clk 1:30:50]} 4. f4
{[%clk 1:32:11]} c5 {[%clk 1:29:15]} 5. dxc5 {[%clk 1:28:30]} dxc5
{[%clk 1:29:00]} 6. Qxd8+ {[%clk 1:28:52]} Kxd8 {[%clk 1:29:20]} 7. Be3
{[%clk 1:28:14]} Bxc3+ {[%clk 1:28:32]} 8. bxc3 {[%clk 1:28:43]} b6
{[%clk 1:28:53]} 9. Nf3 {[%clk 1:20:51]} Nc6 {[%clk 0:49:44]} 10. Bb5
{[%clk 0:58:35]} Bb7 {[%clk 0:46:02]} 11. O-O-O+ {[%clk 0:55:07]} Kc7
{[%clk 0:43:37]} 12. f5 {[%clk 0:48:16]} Nf6 {[%clk 0:28:14]} 13. Bf4+
{[%clk 0:45:47]} Kc8 {[%clk 0:28:33]} 14. Ng5 {[%clk 0:38:36]} Nd8
{[%clk 0:25:21]} 15. Bc4 {[%clk 0:31:42]} Rf8 {[%clk 0:19:43]} 16. e5
{[%clk 0:20:47]} Nh5 {[%clk 0:18:56]} 17. fxg6 {[%clk 0:14:38]} Nxf4
{[%clk 0:09:57]} 18. Nxh7 {[%clk 0:12:21]} Rh8 {[%clk 0:08:09]} 19. Bxf7
{[%clk 0:04:05]} Nxf7 {[%clk 0:08:24]} 20. gxf7 {[%clk 0:04:24]} Ne6
{[%clk 0:08:50]} 21. Rhf1 {[%clk 0:02:37]} Kc7 {[%clk 0:07:12]} 22. Nf6
{[%clk 0:02:47]} exf6 {[%clk 0:03:41]} 23. Rxf6 {[%clk 0:03:10]} Bc8
{[%clk 0:03:44]} 24. Rd6 {[%clk 0:01:33]} Nf8 {[%clk 0:03:27]} 25. Rc6+
{[%clk 0:01:44]} Kd8 {[%clk 0:03:23]} 26. Rfd6+ {[%clk 0:00:56]} Ke7
{[%clk 0:03:33]} 27. Rc7+ {[%clk 0:00:42]} Bd7 {[%clk 0:03:58]} 28. Rf6
{[%clk 0:00:41]} Kd8 {[%clk 0:03:40]} 29. Rb7 {[%clk 0:00:35]} Kc8 0-1

[Event "Moscow Open 2018 F"]
[Site "?"]
[Date "2018.01.30"]
[Round "5.9"]
[White "Shapkin, Anatoliy"]
[Black "Alieva, Alexandra"]
[Result "1/2-1/2"]
[BlackElo "2100"]
[WhiteElo "2278"]
[LiveChessVersion "1.4.8"]

1. d4 Nf6 {[%clk 1:28:44]} 2. c4 {[%clk 1:25:47]} c5 {[%clk 1:29:09]} 3. d5
{[%clk 1:25:44]} b5 {[%clk 1:29:33]} 4. cxb5 {[%clk 1:25:55]} a6 {[%clk 1:29:03]}
5. bxa6 {[%clk 1:23:51]} g6 {[%clk 1:29:24]} 6. Nc3 {[%clk 1:24:13]} Bg7
{[%clk 1:29:40]} 7. e4 {[%clk 1:24:24]} O-O {[%clk 1:29:08]} 8. Nf3
{[%clk 1:23:13]} Qa5 {[%clk 1:29:30]} 9. Bd2 {[%clk 1:22:28]} Bxa6
{[%clk 1:29:31]} 10. Be2 {[%clk 1:22:38]} Bxe2 {[%clk 1:29:11]} 11. Qxe2
{[%clk 1:22:48]} Qa6 {[%clk 1:29:35]} 12. Qxa6 {[%clk 1:23:06]} Nxa6
{[%clk 1:30:01]} 13. O-O {[%clk 1:23:21]} Rfb8 {[%clk 1:24:59]} 14. Rab1
{[%clk 1:18:09]} e6 {[%clk 1:09:47]} 15. dxe6 {[%clk 1:12:15]} fxe6
{[%clk 1:09:42]} 16. Bf4 {[%clk 1:12:16]} Rb7 {[%clk 1:01:30]} 17. Rfd1
{[%clk 1:09:56]} d5 {[%clk 0:47:40]} 18. exd5 {[%clk 1:08:28]} exd5
{[%clk 0:48:02]} 19. Be5 {[%clk 1:07:51]} d4 {[%clk 0:46:55]} 20. Bxf6
{[%clk 1:07:42]} Bxf6 {[%clk 0:46:50]} 21. Ne4 {[%clk 1:08:06]} Bg7
{[%clk 0:43:12]} 22. Nfd2 {[%clk 1:06:37]} Re7 {[%clk 0:41:59]} 23. f3
{[%clk 1:04:42]} Nb4 {[%clk 0:34:35]} 24. a3 {[%clk 0:58:28]} Nd3
{[%clk 0:34:09]} 25. Nc4 {[%clk 0:58:07]} Ne5 {[%clk 0:34:17]} 26. Nxe5
{[%clk 0:52:42]} Rxe5 {[%clk 0:33:24]} 27. Rbc1 {[%clk 0:52:43]} Bf8
{[%clk 0:31:26]} 28. Rd3 {[%clk 0:49:55]} Be7 {[%clk 0:28:32]} 29. Rc4
{[%clk 0:49:09]} Rd5 {[%clk 0:27:52]} 30. Kf1 {[%clk 0:49:18]} Kf7
{[%clk 0:25:34]} 31. Ke2 {[%clk 0:46:54]} Ra5 {[%clk 0:23:26]} 32. Rb3
{[%clk 0:46:03]} Rd7 {[%clk 0:22:01]} 33. Kd3 {[%clk 0:46:14]} Ke6
{[%clk 0:21:30]} 34. Rb8 {[%clk 0:41:09]} Rda7 {[%clk 0:19:49]} 35. a4
{[%clk 0:39:29]} Kd5 {[%clk 0:18:09]} 36. b3 {[%clk 0:39:48]} Ra8
{[%clk 0:18:01]} 37. Rxa8 {[%clk 0:38:20]} Rxa8 {[%clk 0:18:25]} 38. Rc1
{[%clk 0:31:10]} Rb8 {[%clk 0:17:07]} 39. Rb1 {[%clk 0:31:00]} Bd6
{[%clk 0:12:54]} 40. Kc2 {[%clk 0:25:56]} h5 {[%clk 0:12:59]} 41. h3
{[%clk 0:25:32]} Be5 {[%clk 0:12:14]} 42. Nd2 {[%clk 0:25:26]} Bc7
{[%clk 0:12:16]} 43. Nc4 {[%clk 0:22:48]} Re8 {[%clk 0:08:37]} 44. Kd3
{[%clk 0:22:07]} Rb8 {[%clk 0:09:02]} 45. Rb2 {[%clk 0:22:11]} Rb7
{[%clk 0:05:17]} 46. Na3 {[%clk 0:22:05]} Ba5 {[%clk 0:05:01]} 47. Nb5
{[%clk 0:21:24]} Re7 {[%clk 0:05:08]} 48. Re2 {[%clk 0:20:28]} Rxe2
{[%clk 0:03:33]} 49. Kxe2 {[%clk 0:20:54]} c4 {[%clk 0:04:02]} 50. bxc4+
{[%clk 0:21:03]} Kxc4 {[%clk 0:04:29]} 51. Nd6+ {[%clk 0:20:42]} Kc3
{[%clk 0:04:54]} 52. Nb5+ {[%clk 0:15:22]} Kc4 {[%clk 0:05:13]} 53. Nd6+
{[%clk 0:15:00]} Kc3 {[%clk 0:05:22]} 54. Nb7 {[%clk 0:14:33]} Bb6
{[%clk 0:05:15]} 55. Kd1 {[%clk 0:13:12]} Kb4 {[%clk 0:04:08]} 56. Kd2
{[%clk 0:12:07]} Kxa4 {[%clk 0:04:20]} 57. Nd6 {[%clk 0:10:00]} Kb4
{[%clk 0:04:10]} 58. Nf7 {[%clk 0:09:28]} Bc7 {[%clk 0:03:47]} 59. Kd3
{[%clk 0:08:40]} Kc5 {[%clk 0:04:00]} 60. Nh8 {[%clk 0:08:41]} g5
{[%clk 0:04:21]} 61. Nf7 {[%clk 0:05:21]} Bf4 {[%clk 0:04:45]} 62. g4
{[%clk 0:03:34]} hxg4 {[%clk 0:05:08]} 63. hxg4 {[%clk 0:03:31]} Kd5
{[%clk 0:05:07]} 64. Nh6 {[%clk 0:03:47]} Be5 {[%clk 0:04:51]} 65. Nf5
{[%clk 0:03:57]} Bf6 1/2-1/2

[Event "Moscow Open 2018 F"]
[Site "?"]
[Date "2018.01.30"]
[Round "5.10"]
[White "Aleksandrovskiy, Dmitriy"]
[Black "Gorovenko, Darya"]
[Result "1-0"]
[BlackElo "2098"]
[WhiteElo "2239"]
[LiveChessVersion "1.4.8"]

1. Nf3 {[%clk 1:30:18]} d5 {[%clk 1:30:51]} 2. e3 {[%clk 1:30:35]} Nf6
{[%clk 1:31:13]} 3. b3 {[%clk 1:31:01]} g6 {[%clk 1:31:36]} 4. Bb2
{[%clk 1:31:26]} Bg7 {[%clk 1:32:01]} 5. Be2 {[%clk 1:31:45]} O-O
{[%clk 1:32:22]} 6. O-O {[%clk 1:31:51]} c5 {[%clk 1:32:47]} 7. Ne5
{[%clk 1:29:15]} Nfd7 {[%clk 1:27:33]} 8. d4 {[%clk 1:28:44]} Nxe5
{[%clk 1:20:18]} 9. dxe5 {[%clk 1:29:06]} Nc6 {[%clk 1:20:24]} 10. f4
{[%clk 1:29:06]} e6 {[%clk 1:16:10]} 11. c4 {[%clk 1:25:44]} dxc4
{[%clk 1:14:50]} 12. Bxc4 {[%clk 1:24:49]} Nb4 {[%clk 1:12:29]} 13. Nc3
{[%clk 1:20:56]} a6 {[%clk 1:10:45]} 14. a3 {[%clk 1:13:32]} b5 {[%clk 1:07:42]}
15. axb4 {[%clk 1:12:11]} bxc4 {[%clk 1:08:07]} 16. bxc5 {[%clk 1:12:21]} Rb8
{[%clk 1:08:26]} 17. Ra3 {[%clk 1:06:30]} Qc7 {[%clk 0:59:36]} 18. Qd6
{[%clk 1:05:27]} Qxd6 {[%clk 0:59:15]} 19. cxd6 {[%clk 1:05:49]} Bd7
{[%clk 0:58:29]} 20. Ne4 {[%clk 1:03:14]} Rfc8 {[%clk 0:57:28]} 21. Rc1
{[%clk 1:02:17]} Kf8 {[%clk 0:57:14]} 22. Nd2 {[%clk 1:01:23]} cxb3
{[%clk 0:55:55]} 23. Rxb3 {[%clk 1:00:22]} Rxc1+ {[%clk 0:56:05]} 24. Bxc1
{[%clk 1:00:47]} Rxb3 {[%clk 0:55:43]} 25. Nxb3 {[%clk 1:01:12]} f6
{[%clk 0:55:40]} 26. Nc5 {[%clk 1:01:03]} Ke8 {[%clk 0:56:05]} 27. Nxa6
{[%clk 1:01:18]} fxe5 {[%clk 0:55:02]} 28. Bb2 {[%clk 1:01:44]} Bf6
{[%clk 0:53:19]} 29. Bxe5 {[%clk 0:59:59]} Bd8 {[%clk 0:45:34]} 30. Kf2
{[%clk 0:59:18]} Bb6 {[%clk 0:45:29]} 31. Bd4 {[%clk 0:49:07]} Bb5
{[%clk 0:37:20]} 32. Nb4 {[%clk 0:49:29]} Bxd4 {[%clk 0:34:33]} 33. exd4
{[%clk 0:49:56]} Kd7 {[%clk 0:34:58]} 34. Kf3 {[%clk 0:49:46]} Kxd6
{[%clk 0:35:17]} 35. Kg4 {[%clk 0:50:04]} h6 {[%clk 0:35:38]} 36. Kf3
{[%clk 0:50:19]} Bc4 {[%clk 0:26:53]} 37. g3 {[%clk 0:50:38]} Ke7
{[%clk 0:26:45]} 38. Nc2 {[%clk 0:47:41]} Bd5+ {[%clk 0:26:52]} 39. Kf2
{[%clk 0:47:59]} h5 {[%clk 0:24:46]} 40. Nb4 {[%clk 0:47:58]} Bb7
{[%clk 0:24:30]} 41. Ke3 {[%clk 0:47:00]} Kf6 {[%clk 0:23:54]} 42. Nd3
{[%clk 0:47:10]} Kf5 {[%clk 0:23:32]} 43. Ne5 {[%clk 0:46:58]} Bd5
{[%clk 0:18:33]} 44. h3 {[%clk 0:44:47]} Kf6 {[%clk 0:18:25]} 45. Nf3
{[%clk 0:44:36]} Kf5 {[%clk 0:17:13]} 46. Nh4+ {[%clk 0:44:01]} Kf6
{[%clk 0:17:39]} 47. g4 {[%clk 0:44:18]} hxg4 {[%clk 0:15:13]} 48. hxg4
{[%clk 0:44:44]} Bc6 {[%clk 0:15:34]} 49. Nf3 {[%clk 0:44:43]} Bd5
{[%clk 0:14:18]} 50. g5+ {[%clk 0:43:33]} Kg7 {[%clk 0:14:21]} 51. Ne5
{[%clk 0:43:57]} Bb7 {[%clk 0:13:51]} 52. Kd3 {[%clk 0:44:21]} Bd5
{[%clk 0:14:18]} 53. Kc3 {[%clk 0:44:04]} Be4 {[%clk 0:14:42]} 54. Kb4
{[%clk 0:44:30]} Kf8 {[%clk 0:14:53]} 55. Kb5 {[%clk 0:44:47]} Ke7
{[%clk 0:15:02]} 56. Kc5 {[%clk 0:45:12]} Bf5 {[%clk 0:15:11]} 57. Kc6
{[%clk 0:45:38]} Be4+ {[%clk 0:14:55]} 58. Kc7 {[%clk 0:46:03]} Bf5
{[%clk 0:14:49]} 59. Nc6+ {[%clk 0:46:27]} Kf7 {[%clk 0:13:31]} 60. Kd8
{[%clk 0:46:42]} e5 {[%clk 0:11:26]} 61. dxe5 {[%clk 0:46:27]} Be4
{[%clk 0:11:43]} 62. Nd4 {[%clk 0:46:48]} Bd5 {[%clk 0:11:59]} 63. Kd7
{[%clk 0:47:11]} 1-0

[Event "Moscow Open 2018 F"]
[Site "?"]
[Date "2018.01.30"]
[Round "5.11"]
[White "Arutyunova, Asya"]
[Black "Yakovlev, Egor"]
[Result "1/2-1/2"]
[BlackElo "2232"]
[WhiteElo "2115"]
[LiveChessVersion "1.4.8"]

1. Nf3 c5 2. c4 Nc6 3. d4 cxd4 4. Nxd4 Nf6 5. Nc3 e6 6. g3 Bc5 7. Nc2 O-O 8. Bg2
Ne5 9. b3 Qa5 10. Bd2 Qb6 11. Na4 Qc7 12. Nxc5 Qxc5 13. Bb4 Qb6 14. Bxf8 Kxf8 15.
O-O d5 16. cxd5 exd5 17. Qd4 Qxd4 18. Nxd4 Nc6 19. e3 Nxd4 20. exd4 Ke7 21. Rac1
Kd6 22. Rfe1 Bd7 23. Re5 Be6 24. f4 g6 25. h3 h5 26. Kf2 Bf5 27. Re3 Bd7 28. Ke2
a5 29. Kd2 Rb8 30. a3 Ra8 31. Re5 Bf5 32. h4 Ne4+ 33. Ke3 f6 34. Rxd5+ Kxd5 35.
Bxe4+ Bxe4 36. Rc5+ Kd6 37. Kxe4 Re8+ 38. Kd3 b6 39. Rc2 Re1 40. Kc4 Re3 41. Rg2
a4 1/2-1/2

[Event "Moscow Open 2018 F"]
[Site "?"]
[Date "2018.01.30"]
[Round "5.12"]
[White "Bykova, Anastasia"]
[Black "Lebedev, Oleg"]
[Result "1-0"]
[BlackElo "2079"]
[WhiteElo "2226"]
[LiveChessVersion "1.4.8"]

1. d4 {[%clk 1:30:57]} Nf6 {[%clk 1:17:36]} 2. c4 {[%clk 1:31:07]} g6
{[%clk 1:17:59]} 3. Nc3 {[%clk 1:31:24]} Bg7 {[%clk 1:18:23]} 4. Nf3
{[%clk 1:30:40]} O-O {[%clk 1:18:47]} 5. g3 {[%clk 1:31:08]} d6 {[%clk 1:18:59]}
6. Bg2 {[%clk 1:31:34]} Nbd7 {[%clk 1:18:29]} 7. O-O {[%clk 1:31:58]} e5
{[%clk 1:18:13]} 8. e4 {[%clk 1:32:20]} exd4 {[%clk 1:16:46]} 9. Nxd4
{[%clk 1:32:45]} Re8 {[%clk 1:17:02]} 10. h3 {[%clk 1:32:44]} Nc5
{[%clk 1:16:47]} 11. Re1 {[%clk 1:33:06]} a5 {[%clk 1:16:44]} 12. b3
{[%clk 1:33:17]} Bd7 {[%clk 1:08:29]} 13. a3 {[%clk 1:28:37]} Bc6
{[%clk 1:00:35]} 14. Nxc6 {[%clk 1:17:24]} bxc6 {[%clk 1:01:00]} 15. e5
{[%clk 1:17:37]} Rxe5 {[%clk 1:00:30]} 16. Rxe5 {[%clk 1:14:27]} dxe5
{[%clk 1:00:41]} 17. Be3 {[%clk 1:13:29]} Ne6 {[%clk 0:50:23]} 18. Bxc6
{[%clk 1:10:29]} Rb8 {[%clk 0:49:08]} 19. Nb5 {[%clk 1:01:46]} Qe7
{[%clk 0:45:25]} 20. Qe1 {[%clk 0:55:21]} Nd8 {[%clk 0:31:22]} 21. Bg2
{[%clk 0:52:11]} c6 {[%clk 0:28:36]} 22. Na7 {[%clk 0:50:11]} Qc7
{[%clk 0:22:50]} 23. b4 {[%clk 0:49:56]} axb4 {[%clk 0:17:59]} 24. axb4
{[%clk 0:50:03]} Nd7 {[%clk 0:17:37]} 25. b5 {[%clk 0:42:28]} cxb5
{[%clk 0:10:54]} 26. cxb5 {[%clk 0:41:12]} Ne6 {[%clk 0:10:25]} 27. Qa5
{[%clk 0:29:58]} Qxa5 {[%clk 0:07:06]} 28. Rxa5 {[%clk 0:27:24]} Nd4
{[%clk 0:07:34]} 29. Bxd4 {[%clk 0:15:20]} exd4 {[%clk 0:08:01]} 30. Nc6
{[%clk 0:15:47]} Re8 {[%clk 0:07:27]} 31. Ra7 {[%clk 0:15:17]} Nb6
{[%clk 0:01:16]} 32. Rb7 {[%clk 0:14:55]} Nc8 {[%clk 0:01:36]} 33. Bd5
{[%clk 0:13:38]} Rf8 {[%clk 0:02:00]} 34. b6 {[%clk 0:11:41]} d3 {[%clk 0:01:38]}
35. Kf1 {[%clk 0:11:27]} Nd6 {[%clk 0:00:40]} 36. Rd7 {[%clk 0:11:33]} d2
{[%clk 0:00:47]} 37. Ke2 {[%clk 0:11:32]} Bc3 {[%clk 0:01:15]} 38. Rxd6
{[%clk 0:10:05]} Re8+ {[%clk 0:01:44]} 39. Be6 {[%clk 0:10:25]} fxe6
{[%clk 0:00:45]} 40. b7 {[%clk 0:10:36]} Kg7 {[%clk 0:00:35]} 41. b8=Q
{[%clk 0:10:48]} 1-0